| 000 | 00684nam a2200217Ia 4500 | ||
|---|---|---|---|
| 005 | 20221112115745.0 | ||
| 008 | 210716s2010 xx 000 0 und d | ||
| 020 | _a9788126519897 | ||
| 040 | _cAIMIT LIBRARY | ||
| 041 | _aeng | ||
| 082 |
_a005.3642 _22 _bKAMS |
||
| 100 |
_aKambhampaty, Shankar. _961803 |
||
| 245 |
_aService oriented architecture : _bFor enterprise and cloud applications. |
||
| 250 | _a2 | ||
| 260 |
_aNew Delhi : _bWiley India Pvt Ltd . _c2010. |
||
| 300 |
_axxxii,328 P.; _c23.8 cm. |
||
| 650 |
_aSoftware architecture _961804 |
||
| 650 |
_aEnterprise applications _961805 |
||
| 650 |
_aBusiness case for soa _961806 |
||
| 942 |
_2ddc _cBK _e1st _k005.3642 KAMS |
||
| 999 |
_c191185 _d191185 |
||